| 000 | 00351nam a2200145Ia 4500 | ||
|---|---|---|---|
| 008 | 150201s2009 xx 000 0 und d | ||
| 082 |
_a5.74 _bELM |
||
| 100 | _aElmasri,Ramez | ||
| 245 | _aFundametals of database systems | ||
| 250 | _a5th Ed. | ||
| 260 |
_bPearson _aN.Delhi _c2009 |
||
| 300 | _a1143p. | ||
| 700 | _aNavathe,S.B | ||
| 942 |
_2ddc _cBK _01 |
||
| 999 |
_c5401 _d5401 |
||